00375nam a2200133Ia 4500008004100000041000800041082001700049245006700066260004000133300000800173500003200181500001400213650001400227230125s9999 xx 000 0 und d aeng a352.002bKHU aGrampanchayatichya padadhikaryanchi ani adhikaryanchi kartawai c1997bIndian Institute of Education a36p aPanchayati raj,Marathi book aEducation aEducation